[Event "XXIX Coppa D'Oro"]
[Site "Villa Guardia ITA"]
[Date "2011.10.30"]
[Round "1"]
[White "Bernocchi, Luca"]
[Black "Paniga, Danilo"]
[Result "0-1"]
[WhiteElo "1413"]
[BlackElo "1858"]
[PlyCount "66"]
[EventDate "2011.10.30"]

1. e4 d5 2. exd5 Qxd5 3. Nc3 Qd6 4. Nf3 Nf6 5. Bc4 a6 6. a3 b5 7. Ba2 Bb7 8.
O-O Ng4 9. g3 h5 10. h3 h4 11. hxg4 hxg3 12. d3 gxf2+ 13. Rxf2 Qg3+ 14. Kf1
Rh1+ 15. Ke2 Rxd1 16. Nxd1 Nd7 17. Ng5 Qxg4+ 18. Ke1 Qg1+ 19. Rf1 Qg3+ 20. Rf2
f6 21. Bf7+ Kd8 22. Bf4 Qh4 23. Ne6+ Kc8 24. Nxc7 e5 25. Nxa8 exf4 26. Be6 Bxa8
27. c4 Kd8 28. cxb5 Bc5 29. b4 Bxf2+ 30. Nxf2 axb5 31. a4 f3 32. Kf1 Qg5 33.
axb5 Qg2+ 0-1

[Event "XXIX Coppa D'Oro"]
[Site "Villa Guardia ITA"]
[Date "2011.10.30"]
[Round "1"]
[White "Carbone, Lorenzo"]
[Black "Cacciola, Alfredo"]
[Result "1/2-1/2"]
[WhiteElo "1759"]
[BlackElo "2075"]
[PlyCount "93"]
[EventDate "2011.10.30"]

1. e4 c5 2. Nf3 d6 3. d4 cxd4 4. Nxd4 Nf6 5. Nc3 g6 6. f3 Bg7 7. Be3 Nc6 8. Qd2
O-O 9. O-O-O d5 10. Nxc6 bxc6 11. exd5 Nxd5 12. Nxd5 cxd5 13. Qxd5 Qc7 14. Qxa8
Bf5 15. Qxf8+ Kxf8 16. Bc4 Bxc2 17. Kxc2 Qxc4+ 18. Kb1 f5 19. Rd8+ Kf7 20. Bc1
Bf6 21. Rhd1 g5 22. R8d7 a5 23. R7d5 Qc7 24. h3 Kg6 25. Rd7 Qc4 26. a3 h5 27.
Rd8 h4 28. R8d5 a4 29. Rd7 g4 30. fxg4 fxg4 31. hxg4 Qe4+ 32. Ka1 Qxg2 33. g5
Bxg5 34. Bxg5 Qxg5 35. Rh1 e5 36. Rdd1 Kf5 37. Rdf1+ Ke6 38. Rc1 Qg3 39. Rc4 h3
40. Rc3 Qg2 41. Rhxh3 e4 42. Rce3 Kd5 43. Rhg3 Qf1+ 44. Ka2 Kd4 45. Rc3 Qf7+
46. Ka1 Qf1+ 47. Ka2 1/2-1/2

[Event "XXIX Coppa D'Oro"]
[Site "Villa Guardia ITA"]
[Date "2011.10.30"]
[Round "1"]
[White "Cocconcelli, Lorenzo"]
[Black "Aldeghi, Damiano"]
[Result "1-0"]
[WhiteElo "1859"]
[BlackElo "1425"]
[PlyCount "59"]
[EventDate "2011.10.30"]

1. d4 d5 2. c4 Nf6 3. Nc3 e6 4. Nf3 Nc6 5. e3 Be7 6. Bd3 h6 7. O-O O-O 8. b3 a6
9. Bb2 Nb4 10. Bb1 b6 11. a3 Nc6 12. Qc2 Bd6 13. cxd5 Ne7 14. dxe6 Bxe6 15. e4
Bg4 16. e5 Bf5 17. Qd2 Bxb1 18. Raxb1 Bxe5 19. dxe5 Qxd2 20. Nxd2 Nfd5 21. Nxd5
Nxd5 22. Nf3 Rfe8 23. Rfd1 Rad8 24. g3 c6 25. Rbc1 c5 26. Rd2 Rd7 27. Rcd1 Red8
28. Nh4 g6 29. e6 fxe6 30. Nxg6 1-0

[Event "XXIX Coppa D'Oro"]
[Site "Villa Guardia ITA"]
[Date "2011.10.30"]
[Round "1"]
[White "Corti, Filippo"]
[Black "Bernasconi, Roberto"]
[Result "1/2-1/2"]
[WhiteElo "1676"]
[BlackElo "1926"]
[PlyCount "41"]
[EventDate "2011.10.30"]

1. Nf3 d5 2. g3 Nf6 3. Bg2 c6 4. O-O e6 5. d3 Be7 6. Nbd2 O-O 7. b3 Nbd7 8. Bb2
Re8 9. Re1 b6 10. e4 dxe4 11. Nxe4 Bb7 12. Nxf6+ Nxf6 13. Ne5 Qc7 14. Qf3 Rac8
15. Rad1 Ba8 16. Ng4 c5 17. Qe2 Nxg4 18. Qxg4 Bf8 19. Bxa8 Rxa8 20. Be5 Qb7 21.
Qe4 1/2-1/2

[Event "XXIX Coppa D'Oro"]
[Site "Villa Guardia ITA"]
[Date "2011.10.30"]
[Round "1"]
[White "De Meo, Guido"]
[Black "Colombo, Luca"]
[Result "0-1"]
[WhiteElo "1476"]
[BlackElo "1880"]
[PlyCount "88"]
[EventDate "2011.10.30"]

1. e4 c5 2. Nc3 g6 3. Nf3 Bg7 4. Bc4 Nc6 5. O-O d6 6. d3 Nf6 7. Bg5 O-O 8. Re1
Bg4 9. Nd5 Nxd5 10. Bxd5 Ne5 11. h3 Nxf3+ 12. gxf3 Bxh3 13. Qc1 Qc7 14. Bh6 e5
15. Qg5 Rae8 16. Kh2 Be6 17. Rh1 Bxd5 18. exd5 f5 19. Bxg7 Qxg7 20. Kg2 f4 21.
Rh6 Rf5 22. Qh4 Qe7 23. Rh1 Qxh4 24. R1xh4 Re7 25. c3 a5 26. a3 Rff7 27. b4
cxb4 28. axb4 a4 29. Rh1 b5 30. c4 bxc4 31. dxc4 Rc7 32. Ra1 Ra7 33. b5 Rfb7
34. Rhh1 Kf8 35. Rhb1 Ke7 36. b6 Ra5 37. Rb2 a3 38. Rb5 Rxb5 39. cxb5 Rxb6 40.
Rxa3 Rxb5 41. Ra7+ Kf6 42. Rxh7 Rxd5 43. Rh6 Rd2 44. Kg1 d5 0-1

[Event "XXIX Coppa D'Oro"]
[Site "Villa Guardia ITA"]
[Date "2011.10.30"]
[Round "1"]
[White "Deghi, Donatello"]
[Black "Raineri, Valerio"]
[Result "0-1"]
[WhiteElo "1815"]
[BlackElo "2150"]
[PlyCount "56"]
[EventDate "2011.10.30"]

1. d4 g6 2. b3 Bg7 3. e3 d6 4. Nf3 Nf6 5. Bd3 Nfd7 6. Bb2 Nc6 7. O-O O-O 8.
Nbd2 e5 9. d5 Ne7 10. e4 Nc5 11. b4 Na4 12. Ba3 Nc3 13. Qc1 f5 14. Qb2 fxe4 15.
Bxe4 Nxe4 16. Nxe4 Rf4 17. Nfd2 Nxd5 18. Qb3 Be6 19. g3 Rf8 20. Nf3 Bh6 21. Bc1
Nf4 22. c4 Ne2+ 23. Kg2 Nxc1 24. Raxc1 Bxc1 25. Rxc1 h6 26. Qd3 Qe8 27. Nc3 Qf7
28. Rg1 Bxc4 0-1

[Event "XXIX Coppa D'Oro"]
[Site "Villa Guardia ITA"]
[Date "2011.10.30"]
[Round "1"]
[White "Gagliardi, Christian"]
[Black "Pede, Lucio"]
[Result "1-0"]
[WhiteElo "2253"]
[BlackElo "1830"]
[PlyCount "61"]
[EventDate "2011.10.30"]

1. e4 e5 2. Nf3 Nc6 3. Bb5 d6 4. O-O Bg4 5. h3 Bh5 6. c3 Qf6 7. Be2 g5 8. d3
Bxf3 9. Bxf3 h5 10. Bxh5 Qh6 11. Bg4 Nf6 12. Be3 Be7 13. f3 Nh5 14. Na3 a6 15.
Nc2 Nd8 16. Bf2 Ne6 17. Ne3 Nef4 18. Nf5 Qg6 19. Be3 Nf6 20. Qd2 Nxg4 21. fxg4
Bf6 22. Bxf4 gxf4 23. Qf2 O-O-O 24. Qa7 Rh7 25. Qa8+ Kd7 26. Qxb7 Rdh8 27. Rf3
Rxh3 28. Rxh3 Qxg4 29. Rxh8 f3 30. Qc8+ Kc6 31. Nd4+ 1-0

[Event "XXIX Coppa D'Oro"]
[Site "Villa Guardia ITA"]
[Date "2011.10.30"]
[Round "1"]
[White "Gonella, Daniele"]
[Black "Valsecchi, Luca"]
[Result "1-0"]
[WhiteElo "2103"]
[BlackElo "1779"]
[PlyCount "53"]
[EventDate "2011.10.30"]

1. e4 c5 2. Nc3 g6 3. f4 Bg7 4. Nf3 e6 5. g3 Ne7 6. Bg2 O-O 7. O-O Nbc6 8. d3
d6 9. Be3 Rb8 10. d4 cxd4 11. Nxd4 a6 12. Qd2 Qc7 13. Rad1 Rd8 14. Qf2 f5 15.
Nxc6 bxc6 16. Na4 c5 17. e5 dxe5 18. Bxc5 Rxd1 19. Rxd1 e4 20. Bd6 Qd8 21. Qd2
Ra8 22. Bxe7 Qxe7 23. Qd8+ Qxd8 24. Rxd8+ Kf7 25. Nb6 Rb8 26. Nxc8 Bf8 27. Nd6+
1-0

[Event "XXIX Coppa D'Oro"]
[Site "Villa Guardia ITA"]
[Date "2011.10.30"]
[Round "1"]
[White "Guzzetti, Luigi Enrico"]
[Black "Mason, Giovanni"]
[Result "1-0"]
[WhiteElo "1955"]
[BlackElo "1711"]
[PlyCount "99"]
[EventDate "2011.10.30"]

1. e4 e6 2. d4 d5 3. e5 g6 4. Nf3 Bh6 5. Nbd2 Nc6 6. c3 Nge7 7. Bd3 a6 8. O-O
b6 9. b4 Bb7 10. a4 O-O 11. Nb3 Bxc1 12. Qxc1 a5 13. b5 Nb8 14. Qh6 f6 15. exf6
Rxf6 16. Ng5 Nd7 17. Qxh7+ Kf8 18. Nxe6+ Rxe6 19. Rae1 Rxe1 20. Rxe1 Nf6 21.
Qh6+ Kf7 22. Nd2 Qf8 23. Qf4 Qd8 24. Nf3 Qd6 25. Ne5+ Kg7 26. g4 Rf8 27. Qg5
Ne4 28. Bxe4 dxe4 29. Qe3 Qe6 30. c4 Qd6 31. Kg2 Ng8 32. h4 Nh6 33. h5 Ng8 34.
Nxg6 Rf3 35. Qg5 Qf6 36. Qxf6+ Nxf6 37. d5 Ra3 38. Ne5 Rxa4 39. Kg3 Bxd5 40.
cxd5 Nxd5 41. g5 Nc3 42. h6+ Kh7 43. Re3 Nxb5 44. Kh4 Nd6 45. Kh5 Ra1 46. g6+
Kg8 47. h7+ Kg7 48. Rh3 Rg1 49. Nf7 Nxf7 50. gxf7 1-0

[Event "XXIX Coppa D'Oro"]
[Site "Villa Guardia ITA"]
[Date "2011.10.30"]
[Round "1"]
[White "Napoli, Ferdinando"]
[Black "Seminara, Antonio"]
[Result "0-1"]
[WhiteElo "1740"]
[BlackElo "2010"]
[PlyCount "68"]
[EventDate "2011.10.30"]

1. e4 c5 2. Nf3 Nc6 3. d4 cxd4 4. Nxd4 e5 5. Nb5 a6 6. Nd6+ Bxd6 7. Qxd6 Qf6 8.
Qxf6 Nxf6 9. Nc3 d5 10. exd5 Nb4 11. Bd3 Nxd3+ 12. cxd3 Bf5 13. O-O O-O-O 14.
Bg5 Bxd3 15. Rfe1 h6 16. Bh4 Rhe8 17. Rac1 Kd7 18. Na4 Kd6 19. Nc5 e4 20. Nxb7+
Kxd5 21. Rc5+ Kd4 22. Bxf6+ gxf6 23. Nxd8 Kxc5 24. Nxf7 h5 25. Nh6 Rb8 26. b3
Kd4 27. Nf5+ Kc3 28. Ng3 Kd2 29. Ra1 Rb5 30. h4 Kc2 31. Re1 Kb2 32. Re3 Kxa2
33. Nxe4 Bxe4 34. Rxe4 Kxb3 0-1

[Event "XXIX Coppa D'Oro"]
[Site "Villa Guardia ITA"]
[Date "2011.10.30"]
[Round "1"]
[White "Padovan, Remo"]
[Black "Falchi, Claudio"]
[Result "1-0"]
[WhiteElo "2026"]
[BlackElo "1742"]
[PlyCount "61"]
[EventDate "2011.10.30"]

1. d4 e6 2. c4 f5 3. Nf3 Nf6 4. g3 d5 5. Bg2 c6 6. O-O Bd6 7. Nbd2 O-O 8. b3
Ne4 9. e3 Nd7 10. Bb2 Ndf6 11. Qc2 Bd7 12. Ne1 Be8 13. Ndf3 Bh5 14. Ne5 Nd7 15.
f3 Nef6 16. N1d3 c5 17. Nf4 Qe7 18. cxd5 Nxd5 19. Nxh5 Nxe3 20. Qf2 Nxf1 21.
Bxf1 cxd4 22. Nxd7 Qxd7 23. Qxd4 Rf7 24. Rc1 Qe7 25. Kh1 e5 26. Qh4 Qxh4 27.
gxh4 f4 28. Bc4 Kf8 29. Rd1 Bc5 30. Bxf7 Kxf7 31. Bxe5 1-0

[Event "XXIX Coppa D'Oro"]
[Site "Villa Guardia ITA"]
[Date "2011.10.30"]
[Round "1"]
[White "Revinelli, Sergio"]
[Black "Loukili, Ibrahim"]
[Result "1-0"]
[WhiteElo "1877"]
[BlackElo "1452"]
[PlyCount "33"]
[EventDate "2011.10.30"]

1. e4 e5 2. Nf3 Nc6 3. Bc4 Bc5 4. c3 d6 5. d4 Bb6 6. dxe5 Nxe5 7. Nxe5 dxe5 8.
Bxf7+ Kxf7 9. Qxd8 Nf6 10. Qxh8 c6 11. O-O Bc7 12. Bg5 h6 13. Bxf6 Kxf6 14.
Qf8+ Kg6 15. Nd2 b6 16. Rad1 Bb7 17. Qf5# 1-0

[Event "XXIX Coppa D'Oro"]
[Site "Villa Guardia ITA"]
[Date "2011.10.30"]
[Round "1"]
[White "Villa, Giorgio"]
[Black "Nipote, Mario"]
[Result "1-0"]
[WhiteElo "1901"]
[BlackElo "1578"]
[PlyCount "89"]
[EventDate "2011.10.30"]

1. d4 d5 2. Nf3 Nf6 3. c4 e6 4. Bg5 Be7 5. e3 O-O 6. Nc3 c6 7. Rc1 Nbd7 8. Bd3
Re8 9. O-O dxc4 10. Bxc4 b5 11. Bd3 a6 12. e4 Nf8 13. e5 Nd5 14. Bxe7 Qxe7 15.
Ne4 Bb7 16. Nd6 Red8 17. Nd2 Ng6 18. N2e4 f6 19. Nc5 Rab8 20. Bxg6 hxg6 21.
Ncxb7 Rxb7 22. Nxb7 Qxb7 23. Qc2 Ne7 24. exf6 gxf6 25. Qe4 Kf7 26. Rfe1 Rd6 27.
Rc3 Qd7 28. Qh4 Nf5 29. Qh7+ Ng7 30. Rh3 Rxd4 31. Rh6 Rg4 32. h3 Rg5 33. h4 Rg4
34. h5 gxh5 35. Rxh5 Qd2 36. Re3 Qd1+ 37. Kh2 Qf1 38. Rg3 Rxg3 39. fxg3 Qe2 40.
Rh6 Qg4 41. Qd3 e5 42. Qd8 Qe6 43. Rh7 e4 44. Qc7+ Qe7 45. Rxg7+ 1-0

[Event "XXIX Coppa D'Oro"]
[Site "Villa Guardia ITA"]
[Date "2011.10.30"]
[Round "2"]
[White "Aldeghi, Damiano"]
[Black "Napoli, Ferdinando"]
[Result "0-1"]
[WhiteElo "1425"]
[BlackElo "1740"]
[PlyCount "82"]
[EventDate "2011.10.30"]

1. e4 c5 2. Nf3 d6 3. d4 cxd4 4. Nxd4 Nf6 5. Nc3 a6 6. Be2 e6 7. h3 Qc7 8. Qd3
Nbd7 9. Qg3 b5 10. a3 Bb7 11. Bd3 g6 12. O-O Bg7 13. Be3 Nc5 14. f3 O-O 15.
Nde2 Rac8 16. Rad1 Rfd8 17. Bf4 Nh5 18. Qh2 Nxf4 19. Qxf4 Nd7 20. Qe3 Nf6 21.
Qf4 Qc5+ 22. Kh1 Nh5 23. Qh2 e5 24. Nd5 Bxd5 25. exd5 f5 26. b4 Qe3 27. Qg1
Qxg1+ 28. Rxg1 Nf6 29. Rge1 e4 30. fxe4 fxe4 31. Bxb5 axb5 32. Nd4 Nxd5 33.
Nxb5 Nc3 34. Nxc3 Rxc3 35. a4 Rc4 36. Re3 Rxb4 37. Ra3 Bb2 38. Ra2 e3 39. Re1
Re8 40. Re2 Be5 41. Re1 Bg3 0-1

[Event "XXIX Coppa D'Oro"]
[Site "Villa Guardia ITA"]
[Date "2011.10.30"]
[Round "2"]
[White "Bernasconi, Roberto"]
[Black "Carbone, Lorenzo"]
[Result "1-0"]
[WhiteElo "1926"]
[BlackElo "1759"]
[PlyCount "71"]
[EventDate "2011.10.30"]

1. e4 c5 2. Nf3 d6 3. d4 cxd4 4. Nxd4 Nf6 5. Nc3 e6 6. Be2 Be7 7. Be3 a6 8. O-O
O-O 9. f4 Qc7 10. Qe1 b5 11. a3 Bb7 12. Bf3 Nbd7 13. f5 e5 14. Nde2 Rac8 15. g4
h6 16. h4 Nh7 17. Qg3 Qd8 18. Bf2 g5 19. fxg6 fxg6 20. g5 hxg5 21. h5 gxh5 22.
Bxh5 Ndf6 23. Bg6 Rc5 24. Qd3 Kg7 25. Bf5 Nh5 26. Nd5 Nf4 27. Nexf4 exf4 28. b3
Rc6 29. Kg2 Nf6 30. Rh1 Bc8 31. Nxf6 Bxf5 32. Nh5+ Kg6 33. exf5+ Rxf5 34. Ng7
Qf8 35. Nxf5 Qxf5 36. Rh6+ 1-0

[Event "XXIX Coppa D'Oro"]
[Site "Villa Guardia ITA"]
[Date "2011.10.30"]
[Round "2"]
[White "Cacciola, Alfredo"]
[Black "Corti, Filippo"]
[Result "1-0"]
[WhiteElo "2075"]
[BlackElo "1676"]
[PlyCount "57"]
[EventDate "2011.10.30"]

1. e4 c6 2. d4 d5 3. Nc3 dxe4 4. Nxe4 Bf5 5. Ng3 Bg6 6. h4 h6 7. Nf3 Nd7 8. h5
Bh7 9. Bd3 Bxd3 10. Qxd3 Qc7 11. Bd2 Ngf6 12. O-O-O e6 13. Ne4 Nxe4 14. Qxe4
Nf6 15. Qe2 O-O-O 16. c4 c5 17. Bc3 Qf4+ 18. Rd2 Qc7 19. Ne5 Bd6 20. Rhd1 Rhf8
21. g4 Nd7 22. Nxd7 Rxd7 23. Kb1 Bf4 24. Rd3 Rfd8 25. dxc5 Rxd3 26. Rxd3 Rxd3
27. Qxd3 Qxc5 28. Qd4 Qc6 29. Qxf4 1-0

[Event "XXIX Coppa D'Oro"]
[Site "Villa Guardia ITA"]
[Date "2011.10.30"]
[Round "2"]
[White "Colombo, Luca"]
[Black "Gonella, Daniele"]
[Result "1-0"]
[WhiteElo "1880"]
[BlackElo "2103"]
[PlyCount "87"]
[EventDate "2011.10.30"]

1. e4 e5 2. Nf3 Nc6 3. Bb5 Nf6 4. O-O Nxe4 5. Re1 Nd6 6. Bxc6 dxc6 7. Nxe5 Be7
8. d3 O-O 9. Nc3 Be6 10. Nf3 Bf6 11. Ne4 Nxe4 12. Rxe4 Bd5 13. Re1 Qd6 14. g3
Rfe8 15. Bf4 Qd7 16. c4 Bxf3 17. Qxf3 Bxb2 18. Rxe8+ Rxe8 19. Rb1 Bd4 20. Rxb7
Bb6 21. c5 Qh3 22. Be3 Bxc5 23. Rxc7 Be7 24. Qxc6 Kf8 25. Rxa7 f6 26. Ra8 Rxa8
27. Qxa8+ Kf7 28. Qd5+ Kf8 29. a4 Qc8 30. Qc4 Qa8 31. Bc5 Qd8 32. Bxe7+ Kxe7
33. Qe4+ Kf7 34. Qxh7 Qa5 35. Qe4 f5 36. Qc4+ Kf6 37. Qc6+ Kg5 38. h4+ Kh5 39.
Qe8+ Kg4 40. Qe2+ Kh3 41. Qf1+ Kg4 42. Kh2 Qd2 43. Qh3+ Kf3 44. Qg2+ 1-0

[Event "XXIX Coppa D'Oro"]
[Site "Villa Guardia ITA"]
[Date "2011.10.30"]
[Round "2"]
[White "Grassetto, Gilberto"]
[Black "Padovan, Remo"]
[Result "0-1"]
[WhiteElo "1868"]
[BlackElo "2026"]
[PlyCount "82"]
[EventDate "2011.10.30"]

1. d4 f5 2. c4 Nf6 3. Nc3 e6 4. g3 d5 5. cxd5 exd5 6. Bg2 c6 7. Nh3 Be7 8. O-O
O-O 9. f3 Na6 10. a3 Nc7 11. b4 a5 12. bxa5 Rxa5 13. Nf2 Ne6 14. e3 b6 15. Nd3
Ba6 16. Re1 Bd6 17. Ne5 Bxe5 18. dxe5 Nd7 19. f4 Bc4 20. Bd2 Ra7 21. a4 Ndc5
22. Bf1 Bxf1 23. Rxf1 d4 24. Ne2 Rd7 25. Qc1 d3 26. Nc3 Nb3 27. Qb2 Nxa1 28.
Rxa1 Kh8 29. Rb1 Rb7 30. a5 b5 31. Na4 Qe7 32. Nb6 Rd8 33. Bb4 c5 34. Bd2 b4
35. Nc4 Ra7 36. Qb3 g5 37. Ra1 gxf4 38. gxf4 Rg8+ 39. Kf1 Qg7 40. Qxd3 Qg1+ 41.
Ke2 Rg2+ 0-1

[Event "XXIX Coppa D'Oro"]
[Site "Villa Guardia ITA"]
[Date "2011.10.30"]
[Round "2"]
[White "Loukili, Ibrahim"]
[Black "Deghi, Donatello"]
[Result "0-1"]
[WhiteElo "1452"]
[BlackElo "1815"]
[PlyCount "78"]
[EventDate "2011.10.30"]

1. e4 c6 2. d4 d5 3. exd5 cxd5 4. Nc3 Bf5 5. Bd3 Bg6 6. Bxg6 hxg6 7. Nf3 e6 8.
O-O Nf6 9. h3 Nc6 10. Bg5 Be7 11. Bxf6 Bxf6 12. Ne2 O-O 13. c3 b5 14. a3 Qb6
15. Qd2 a5 16. Rfd1 b4 17. Ng3 Rfb8 18. Rab1 Rb7 19. Re1 Rab8 20. Re2 Qa6 21.
Nh2 bxc3 22. Qxc3 Nxd4 23. Rd2 Ne2+ 24. Nxe2 Bxc3 25. Nxc3 Qc4 26. Nf1 d4 27.
Ne2 e5 28. Nh2 Qa2 29. Rf1 Rxb2 30. Rfd1 Rxd2 31. Rxd2 Qxd2 32. Ng3 Rb2 33. Ng4
f5 34. Nxf5 gxf5 35. Kh2 fxg4 36. Kg3 Qxf2+ 37. Kxg4 Qf4+ 38. Kh5 Rxg2 39. a4
Qg5# 0-1

[Event "XXIX Coppa D'Oro"]
[Site "Villa Guardia ITA"]
[Date "2011.10.30"]
[Round "2"]
[White "Paniga, Danilo"]
[Black "Guzzetti, Luigi Enrico"]
[Result "1-0"]
[WhiteElo "1858"]
[BlackElo "1955"]
[PlyCount "111"]
[EventDate "2011.10.30"]

1. d4 Nf6 2. Nf3 g6 3. Nbd2 Bg7 4. e4 d6 5. Bd3 O-O 6. O-O c5 7. c3 a6 8. b3 b5
9. Bb2 cxd4 10. cxd4 Nc6 11. d5 Nb8 12. Rc1 Nbd7 13. Bd4 Bb7 14. Qe2 Rc8 15.
Ng5 Qa5 16. Bb1 Qa3 17. Rcd1 Rc7 18. Ndf3 Nh5 19. Bxg7 Kxg7 20. Qd2 Rfc8 21.
Nd4 Kg8 22. Nc2 Qb2 23. Ne3 Qxd2 24. Rxd2 Nhf6 25. f3 a5 26. Rc2 Rxc2 27. Nxc2
h6 28. Nh3 b4 29. Nd4 Ne5 30. Nf4 Kf8 31. Nfe2 Ba6 32. Rc1 Rxc1+ 33. Nxc1 g5
34. Kf2 Ke8 35. Ke3 Kd7 36. Nd3 Nxd3 37. Bxd3 Bxd3 38. Kxd3 e6 39. Kc4 exd5+
40. exd5 g4 41. Nc6 h5 42. Nxa5 h4 43. h3 gxh3 44. gxh3 Nh5 45. Nc6 Nf4 46. Nd4
Nxh3 47. Nf5 Nf4 48. Nxh4 Kc7 49. Nf5 Ng6 50. Kxb4 Ne5 51. Nh6 f6 52. Ng4 f5
53. Nxe5 dxe5 54. Kc4 Kb6 55. a4 Ka5 56. Kc5 1-0

[Event "XXIX Coppa D'Oro"]
[Site "Villa Guardia ITA"]
[Date "2011.10.30"]
[Round "2"]
[White "Pede, Lucio"]
[Black "Nipote, Mario"]
[Result "1-0"]
[WhiteElo "1830"]
[BlackElo "1578"]
[PlyCount "107"]
[EventDate "2011.10.30"]

1. e4 c6 2. d4 d5 3. e5 c5 4. Nf3 Bg4 5. Be2 e6 6. c3 Nc6 7. h3 Bh5 8. O-O cxd4
9. cxd4 Be7 10. Be3 f6 11. Nc3 Bxf3 12. exf6 Bxe2 13. fxg7 Bxd1 14. gxh8=Q Kd7
15. Rfxd1 h6 16. Ne2 Qf8 17. Qh7 Rc8 18. a3 Na5 19. Rac1 Nc4 20. Rc2 Nxe3 21.
Rxc8 Kxc8 22. fxe3 Nf6 23. Qc2+ Kb8 24. Rc1 Bd6 25. Nc3 a6 26. Rf1 Qg7 27. Qf2
Nd7 28. Qf7 Qxf7 29. Rxf7 Kc7 30. e4 e5 31. Nxd5+ Kc6 32. Ne7+ Kc7 33. d5 a5
34. Ng8 Kd8 35. Rxd7+ Kxd7 36. Nxh6 a4 37. Nf7 Bc5+ 38. Kf1 Bd4 39. Ke2 Bxb2
40. Kd3 Bxa3 41. Nxe5+ Kc7 42. Nc4 Bf8 43. e5 b5 44. d6+ Kc6 45. Nd2 Kd5 46.
Nf3 a3 47. Kc3 Kc5 48. h4 b4+ 49. Kb3 Kd5 50. h5 Ke6 51. g4 Kf7 52. Nd4 Bh6 53.
e6+ Ke8 54. d7+ 1-0

[Event "XXIX Coppa D'Oro"]
[Site "Villa Guardia ITA"]
[Date "2011.10.30"]
[Round "2"]
[White "Raineri, Valerio"]
[Black "Revinelli, Sergio"]
[Result "1-0"]
[WhiteElo "2150"]
[BlackElo "1877"]
[PlyCount "77"]
[EventDate "2011.10.30"]

1. e4 e5 2. Nf3 Nc6 3. Bb5 f5 4. d3 fxe4 5. dxe4 Nf6 6. Qd3 Bc5 7. Bg5 d6 8.
Nc3 Be6 9. Nd5 O-O 10. Nxf6+ gxf6 11. Bh6 Rf7 12. Bc4 Qe8 13. Nh4 Nd4 14. O-O
Kh8 15. c3 Bxc4 16. Qxc4 Qe6 17. Qxe6 Nxe6 18. Nf5 Rg8 19. Kh1 Ng5 20. Bxg5
Rxg5 21. f4 Rg6 22. Rf3 Rd7 23. b4 Bb6 24. Rd1 Rg4 25. g3 Rg8 26. fxe5 fxe5 27.
Nh6 Re8 28. g4 Kg7 29. g5 Rf8 30. Nf5+ Kg6 31. h4 c6 32. c4 Bc7 33. Kg2 Rdf7
34. Rdf1 d5 35. cxd5 cxd5 36. Ne7+ Kg7 37. Nxd5 Rxf3 38. Rxf3 Rc8 39. Rc3 1-0

[Event "XXIX Coppa D'Oro"]
[Site "Villa Guardia ITA"]
[Date "2011.10.30"]
[Round "2"]
[White "Seminara, Antonio"]
[Black "Cocconcelli, Lorenzo"]
[Result "0-1"]
[WhiteElo "2010"]
[BlackElo "1859"]
[PlyCount "50"]
[EventDate "2011.10.30"]

1. d4 d5 2. c4 c6 3. Nf3 Nf6 4. Nc3 dxc4 5. a4 Bf5 6. e3 e6 7. Bxc4 Bb4 8. O-O
O-O 9. Bd2 Nbd7 10. Qb3 a5 11. Rac1 Qe7 12. Nh4 Bg6 13. Nxg6 hxg6 14. Rfd1 Nb6
15. Be2 e5 16. dxe5 Qxe5 17. f4 Qe7 18. Bf3 Rad8 19. Kh1 Nbd7 20. Ne2 Bxd2 21.
Rxd2 Nc5 22. Qd1 Rxd2 23. Qxd2 Nb3 24. Qc3 Nxc1 25. Nxc1 Re8 0-1

[Event "XXIX Coppa D'Oro"]
[Site "Villa Guardia ITA"]
[Date "2011.10.30"]
[Round "2"]
[White "Valsecchi, Luca"]
[Black "De Meo, Guido"]
[Result "1-0"]
[WhiteElo "1779"]
[BlackElo "1476"]
[PlyCount "99"]
[EventDate "2011.10.30"]

1. c4 Nf6 2. g3 g6 3. Bg2 Bg7 4. e4 d6 5. Ne2 Bg4 6. h3 Bxe2 7. Qxe2 Nc6 8. O-O
O-O 9. Nc3 e5 10. d3 Nd4 11. Qd1 h6 12. Be3 c5 13. Rb1 b6 14. Ne2 Nc6 15. a3 a5
16. Bd2 Nd4 17. Nxd4 cxd4 18. b4 Rc8 19. bxa5 bxa5 20. Qa4 Ra8 21. Rb5 Rb8 22.
Rfb1 Qd7 23. Qxa5 Rbc8 24. Qb4 Ne8 25. a4 Nc7 26. Rb7 f5 27. Qb3 Qf7 28. exf5
Qxf5 29. Rf1 Na6 30. Bb4 Rcd8 31. c5+ d5 32. Bxd5+ Kh8 33. Bg2 g5 34. Qc4 Nxb4
35. Rxb4 g4 36. h4 e4 37. Bxe4 Qe5 38. a5 Bf6 39. Rb6 Bxh4 40. Rxh6+ Kg7 41.
Rxh4 Qg5 42. Rh7+ Kf6 43. Qa6+ Ke5 44. Rh6 Rde8 45. Qg6 Qxg6 46. Rxg6 Rh8 47.
Rxg4 Rh6 48. Ra1 Rhh8 49. a6 Rh1+ 50. Bxh1 1-0

[Event "XXIX Coppa D'Oro"]
[Site "Villa Guardia ITA"]
[Date "2011.10.30"]
[Round "2"]
[White "Villa, Giorgio"]
[Black "Gagliardi, Christian"]
[Result "0-1"]
[WhiteElo "1901"]
[BlackElo "2253"]
[PlyCount "86"]
[EventDate "2011.10.30"]

1. d4 Nf6 2. Nf3 e6 3. c4 d5 4. Bg5 Nbd7 5. e3 Bb4+ 6. Nc3 c5 7. cxd5 exd5 8.
Qc2 Qa5 9. Bd3 c4 10. Bf5 O-O 11. O-O Re8 12. a3 Bxc3 13. bxc3 Ne4 14. Bxe4
dxe4 15. Ne5 Nxe5 16. dxe5 Qxe5 17. Bf4 Qa5 18. Rfd1 Be6 19. Qxe4 Qxc3 20. Qxb7
Qa5 21. Qb4 Qf5 22. Rac1 Rec8 23. h3 h6 24. Qc3 Rc5 25. Rb1 Rd5 26. Qb4 Rxd1+
27. Rxd1 Rc8 28. Qc3 Qb5 29. Be5 Qb3 30. Rc1 Qxc3 31. Rxc3 f6 32. Bd4 a6 33.
Rc2 Bf5 34. Rc3 Bd3 35. f3 Kf7 36. Kf2 Rb8 37. g4 Rb2+ 38. Kg3 Ra2 39. h4 g6
40. Kf4 Rg2 41. e4 g5+ 42. hxg5 hxg5+ 43. Ke3 Re2# 0-1

[Event "XXIX Coppa D'Oro"]
[Site "Villa Guardia ITA"]
[Date "2011.10.31"]
[Round "3"]
[White "Bernasconi, Roberto"]
[Black "Cacciola, Alfredo"]
[Result "0-1"]
[WhiteElo "1926"]
[BlackElo "2075"]
[PlyCount "84"]
[EventDate "2011.10.30"]

1. e4 c5 2. Nf3 d6 3. d4 cxd4 4. Nxd4 Nf6 5. Nc3 g6 6. Be3 Bg7 7. f3 Nc6 8. Qd2
O-O 9. Bc4 Bd7 10. O-O-O Ne5 11. Bb3 Rc8 12. h4 h5 13. Bh6 Nc4 14. Bxc4 Rxc4
15. Bxg7 Kxg7 16. g4 hxg4 17. h5 Rh8 18. hxg6 fxg6 19. f4 e5 20. fxe5 dxe5 21.
Ne6+ Bxe6 22. Qxd8 Rxd8 23. Rxd8 Nxe4 24. Re1 Nxc3 25. bxc3 Rxc3 26. Rxe5 Bf5
27. Rd2 Kf6 28. Re1 g3 29. Rg1 Kg5 30. Kb2 Re3 31. Rd4 Be4 32. Kc1 Kf4 33. Kd2
g5 34. c3 Rf3 35. Re1 Rf2+ 36. Kd1 g2 37. Rdxe4+ Kg3 38. R4e2 Rf1 39. Re5 Rxe1+
40. Rxe1 Kh2 41. Ke2 g1=Q 42. Rxg1 Kxg1 0-1

[Event "XXIX Coppa D'Oro"]
[Site "Villa Guardia ITA"]
[Date "2011.10.31"]
[Round "3"]
[White "Carbone, Lorenzo"]
[Black "Corti, Filippo"]
[Result "1-0"]
[WhiteElo "1759"]
[BlackElo "1676"]
[PlyCount "85"]
[EventDate "2011.10.30"]

1. e4 c6 2. c4 d6 3. Nf3 Nf6 4. Nc3 g6 5. Be2 Bg7 6. O-O O-O 7. d4 Bg4 8. h3
Bxf3 9. Bxf3 Nbd7 10. Be3 e5 11. Ne2 Re8 12. d5 c5 13. Rb1 Nb6 14. Qc2 Rc8 15.
b3 Rf8 16. a4 Qd7 17. Bg5 h6 18. Bxf6 Bxf6 19. Bg4 Qe7 20. Bxc8 Nxc8 21. b4
cxb4 22. Rxb4 b6 23. Rb3 Bg7 24. Rg3 Qd7 25. Rb1 Ne7 26. Rf1 f5 27. exf5 gxf5
28. f4 Kh8 29. Qd1 Qc7 30. Qc2 Qc5+ 31. Kh1 Nxd5 32. Qd3 Nb4 33. Qb3 e4 34. Nc3
Rc8 35. Nb5 a6 36. Na3 Nd3 37. Rg6 Re8 38. Nc2 Kh7 39. Rg3 Rc8 40. Ne3 Bd4 41.
Qd1 Bxe3 42. Qh5 Rc7 43. Qg6+ 1-0

[Event "XXIX Coppa D'Oro"]
[Site "Villa Guardia ITA"]
[Date "2011.10.31"]
[Round "3"]
[White "Cocconcelli, Lorenzo"]
[Black "Raineri, Valerio"]
[Result "1-0"]
[WhiteElo "1859"]
[BlackElo "2150"]
[PlyCount "77"]
[EventDate "2011.10.30"]

1. d4 Nf6 2. c4 g6 3. Nc3 Bg7 4. e4 d6 5. Bd3 O-O 6. Nge2 Nc6 7. O-O Nd7 8. Be3
e5 9. d5 Ne7 10. Qd2 f5 11. exf5 gxf5 12. f4 e4 13. Bc2 Nf6 14. h3 Kh8 15. Kh1
Ng6 16. Rad1 Rg8 17. Qe1 Qe7 18. Qf2 Nh5 19. Rg1 Nf6 20. c5 Bd7 21. Ba4 Bxa4
22. Nxa4 Bf8 23. cxd6 cxd6 24. Nac3 h5 25. g3 Qf7 26. Rg2 Ne7 27. Bd4 Bg7 28.
Bxf6 Bxf6 29. g4 fxg4 30. hxg4 Rxg4 31. Nxe4 Rxg2 32. Qxg2 Rg8 33. Qf3 Nxd5 34.
Nxd6 Qh7 35. Rxd5 Qb1+ 36. Kh2 Rg7 37. Rxh5+ Kg8 38. Qd5+ Kf8 39. Rh8+ 1-0